[Event "TUR-chT2"]
[Site "Konya"]
[Date "2017.07.13"]
[Round "7.14"]
[White "Yufkaci, Yelda"]
[Black "Isler, Ulviye Yaren"]
[Result "0-1"]
[WhiteElo "1139"]
[BlackElo "1242"]
[PlyCount "138"]
[EventDate "2017.07.09"]
[EventType "team-swiss"]
[EventRounds "9"]
[EventCountry "TUR"]
[SourceTitle "CBM 179 Extra"]
[Source "ChessBase"]
[SourceDate "2017.08.23"]
[SourceVersion "1"]
[SourceVersionDate "2017.08.23"]
[SourceQuality "1"]
[WhiteTeam "Koycegiz Su Sporlari"]
[BlackTeam "Karaman Akademi"]
[WhiteTeamCountry "TUR"]
[BlackTeamCountry "TUR"]

1. e4 d5 2. d3 dxe4 3. dxe4 Qxd1+ 4. Kxd1 Nf6 5. Nc3 e5 6. Nf3 Bg4 7. Be2 Nbd7 8. h3 Bh5 9. Bg5 0-0-0 10. Ke1 Bxf3 11. Bxf3 Bb4 12. a3 Bxc3+ 13. bxc3 h6 14. Bxf6 Nxf6 15. g4 Rd6 16. Rb1 Rc6 17. Rb3 Rc4 18. Kd2 Rd8+ 19. Ke3 Rd6 20. Re1 a5 21. a4 Rxa4 22. Reb1 b6 23. Bg2 Rc4 24. f3 Rdc6 25. Kd2 Rd6+ 26. Ke3 Ra4 27. Bf1 Nd7 28. Bb5 Ra2 29. Bxd7+ Kxd7 30. Rc1 Ra4 31. Rb5 f6 32. Rd5 Rxd5 33. exd5 Rc4 34. Kd3 Rc5 35. c4 c6 36. dxc6+ Kxc6 37. Rb1 a4 38. Ra1 Ra5 39. Kc3 Kc5 40. Ra3 g6 41. h4 f5 42. gxf5 gxf5 43. Kd3 Kb4 44. Ra2 a3 45. h5 Ra8 46. Kd2 Kxc4 47. Kc1 Kc3 48. Kb1 e4 49. fxe4 f4 50. Kc1 Kd4 51. Kd2 Kxe4 52. Ke2 b5 53. c3 f3+ 54. Kf2 Kf4 55. Ke1 Ke3 56. Kf1 Kd3 57. Ke1 Kxc3 58. Kd1 Kb3 59. Ra1 Kb2 60. Rc1 a2 61. Rc2+ Kb3 62. Rc1 a1Q 63. Rxa1 Rxa1+ 64. Kd2 f2 65. Kd3 f1Q+ 66. Ke3 Ra4 67. Kd2 Qf3 68. Ke1 Qg2 69. Kd1 Ra1# 0-1